000 00500 a2200181 4500
003 sjds
005 20250605143239.0
008 250605b |||||||| |||| 00| 0 spa d
020 _a9780673758675
040 _csjds
041 _aspa
100 _aBriggs, Terry
245 _aAdivina lo que es /
_cAuthors:Terry Briggs, Michael Carroll
260 _a Glenview, IL,
_bCelebrationPress,
_c c1996
300 _a8 pages :
_bcolor illustrations ;
_c18 cm
700 _aCarroll, Michael.
942 _cBK
999 _c29660
_d29658